| 000 | 00769nam a2200241Ia 4500 | ||
|---|---|---|---|
| 008 | 180523s9999 xx 000 0 und d | ||
| 020 | _a978-1507609804 | ||
| 050 | _aFIL TX 531 | ||
| 050 | _b .A68 2015 | ||
| 100 | _aAquino. Ma. Christina G. | ||
| 245 | 0 | _aFood weights and measures : | |
| 245 | 2 | _ba reference tool for product development recipe costing and nutrient analyses / | |
| 245 | 0 | _cMa. Christina G. Aquino, Janine P. Siggaoat. | |
| 260 | _aPhilippines : | ||
| 260 | _bJFS Publishing, | ||
| 260 | _c2015 | ||
| 300 | _a160 pages : | ||
| 300 | _billustrations ; | ||
| 300 | _c24 cm. | ||
| 500 | _aIncludes bibliographical references and index. | ||
| 650 | _aFood -- Analysis -- Tables. | ||
| 650 | _xFood -- Weights and measures -- Tables. | ||
| 999 |
_c357869 _d357869 |
||